00337nam a2200121 a 4500008004100000050002200041100002000063245003600083246003200119260004000151300001500191350000900206120416s1978 ||||||||||||||||| || u aHF 5549.5.O44 Wal aWalker, James W14aThe end of mandatory retirement aimplications for management aNew YorkbJohn Wiley and Sonsc1978 axvi, 223p. a0.00